00419nam a2200157Ia 4500008004100000020001500041041001200056082001600068100001500084245009100099250000800190260002100198300000800219650001900227700001500246221030s9999 xx 000 0 und d a0070589372 aEnglish a105.23bKru aH. Kruglak 0aSchaum`s Outlines of Theory & Problems of Basic Mathematicscby H. Kruglak, J.T. Moore a2nd bTMHaDelhic2006 a488 aBE Mathematics aJ.T. Moore